| 000 | 02009nam a22004337a 4500 | ||
|---|---|---|---|
| 001 | 17681576 | ||
| 003 | OSt | ||
| 005 | 20210421054635.0 | ||
| 008 | 130402s2013 ilu b 001 0 eng | ||
| 010 | _a 2013001395 | ||
| 020 | _a9781402280917 (paperback : alkaline paper) | ||
| 040 |
_aeng _beng _cDLC _erda _dDLC |
||
| 041 | _aeng | ||
| 042 | _apcc | ||
| 050 | 0 | 0 |
_aHE9776 _b.S584 2013 |
| 080 |
_a821.111 _bS-68 |
||
| 082 | 0 | 0 |
_a387.7 _223 |
| 100 | 1 |
_aSmith, Patrick, _d1966- |
|
| 245 | 1 | 0 |
_aCockpit confidential : _beverything you need to know about air travel : questions, answers & reflections / _cPatrick Smith. |
| 264 | 1 |
_aNaperville, Illinois : _bSourcebooks, _c[2013] |
|
| 300 |
_axv, 303 pages ; _c22 cm. |
||
| 336 |
_atext _2rdacontent |
||
| 337 |
_aunmediated _2rdamedia |
||
| 338 |
_avolume _2rdacarrier |
||
| 365 | _b14.99 usd | ||
| 504 | _aIncludes bibliographical references and index. | ||
| 505 | 0 | _aIntroduction: The Painter's Brush -- Plane Truth : Things about Wings and Why Knots -- Elements of Unease : Turbulence, Windshear, Weather, and Worry -- What Goes Up : Takeoffs, Landings, and the Mysterious Between -- Flying for a Living : The Awe and Odd of a Life Aloft -- En Route : Life in the Cabin -- Must Come Down : Disasters, Mishaps, and Fatuous Flights of Fancy -- The Airlines We Love to Hate -- How to Speak Airline : A Glossary for Travelers. | |
| 650 | 0 |
_aAir travel _vMiscellanea. |
|
| 650 | 0 |
_aEnglish literature _9254 |
|
| 650 | 0 |
_aAirplanes _xPiloting _vMiscellanea. |
|
| 650 | 0 |
_aAeronautics, Commercial _vMiscellanea. |
|
| 650 | 0 |
_aAirlines _vMiscellanea. |
|
| 653 | _aინგლისური ლიტერატურა | ||
| 653 | _aსაჰაერო მოგზაურობა | ||
| 653 | _aთვითმფრინავები | ||
| 906 |
_a7 _bcbc _corignew _d1 _eecip _f20 _gy-gencatlg |
||
| 942 |
_2udc _cBK |
||
| 999 |
_c604 _d604 |
||